| 000 | 00450nam a22001217a 4500 | ||
|---|---|---|---|
| 040 | _cSY | ||
| 082 | _a589 | ||
| 100 | _aVON MONIN; វន មុនិន្ទ | ||
| 245 | _aNon timber forest ptoducts of taxonomy, ecology and sustainability, វគ្គីករសាស្រ្ត អេកូឡូស៊ី និង ស្ថេរភាព នៃអនុផលព្រៃឈើ | ||
| 260 |
_aRUA _bVON _c2010 |
||
| 300 | _a116p. | ||
| 942 | _cKB | ||
| 999 |
_c9408 _d9408 |
||